| 000 | 00763cam a22002293a 4500 | ||
|---|---|---|---|
| 001 | 19240 | ||
| 003 | PGUSA | ||
| 005 | 20140828083416.0 | ||
| 008 | 060912s2006||||xxu|||||s|||||000 | eng d | ||
| 040 |
_aPGUSA _beng |
||
| 042 | _adc | ||
| 050 | 4 | _aBP | |
| 100 | 1 |
_aBahá'u'lláh, _d1817-1892 |
|
| 245 | 1 | 0 |
_aBahá'í Prayers : _bA Selection of Prayers Revealed by Bahá'u'lláh, the Báb, and ‘Abdu'l-Bahá _h[electronic resource] / _cBahá'u'lláh |
| 260 |
_bProject Gutenberg, _c2006 |
||
| 506 | _aCopyrighted. Read the copyright notice inside this book for details. | ||
| 516 | _aElectronic text | ||
| 653 | _aBahai Faith -- Prayers and devotions | ||
| 830 | 0 |
_aProject Gutenberg _v19240 |
|
| 856 | 4 | 0 | _uhttp://www.gutenberg.org/ebooks/19240 |
| 942 | _cEB | ||
| 999 |
_c248495 _d248495 |
||